Widok standardowy
Widok MARC
Pozycja Personal Name
Liczba rekordów, w których użyto hasła: 12
001 - Numer kontrolny
- control field: 11694
003 - Identyfikator numeru kontrolnego
- control field: NUKAT
005 - Data i czas ostatniej modyfikacji
- control field: 20250919220011.0
008 - Dane kontrolne kodowane (40 znaków)
- fixed length control field: 940221n||a|znnaabn |a aaa |c
010 ## - Numer kontrolny Biblioteki Kongresu
- numer kontrolny LC: n 94003437
024 7# - OTHER STANDARD IDENTIFIER
- Standard number or code: 55314137
- Source of number or code: viaf
- : http://viaf.org/viaf/55314137
024 7# - OTHER STANDARD IDENTIFIER
- Standard number or code: 0000000078446134
- Source of number or code: isni
- : https://isni.org/isni/0000000078446134
024 7# - OTHER STANDARD IDENTIFIER
- Standard number or code: Q11715650
- Source of number or code: wikidata
- : http://www.wikidata.org/entity/Q11715650
040 ## - Instytucja sporządzająca rekord
- inst. przygot. dane do rek. khw: WA U/MW
- język haseł przedmiotowych/tezaurus: kaba
- inst. wprow. rek. khw: WA U/ET
- inst. modyf. rek. khw: KR U/16ZL
- inst. modyf. rek. khw: SZCZ M/JG
046 ## - Special dates
- Birth date: 1960
100 1# - Hasło - nazwa osobowa
- nazwa osobowa w formie ujednoliconej: Wijaczka, Jacek
- daty biograficzne: (1960- ).
670 ## - Źródło informacji
- źródło informacji: Procesy i mordy rytualne w Polsce w XVI-XVIII wieku / Zenon Guldon, Jacek Wijaczka. - Kielce, 1995.
670 ## - Źródło informacji
- źródło informacji: Kilka uwag historyka prawa w związku z książką Jacka Wijaczki: "Kościół wobec czarów w Rzeczypospolitej w XVI-XVIII wieku (na tle europejskim)". Warszawa Wydawnictwo Neriton, 2016, 323 s. / Marian Mikołaczyk // Z Dziejów Prawa, T. 10 (18). - Katowice, 2017. - S. 277-287.